Taylor Swift - What Album is This Song From? #5 - Statistics

General Stats
  • This quiz has been taken 41 times
  • The average score is 10 of 11
Answer Stats
Hint Answer % Correct
How You Get The Girl 1989
100%
Lover Lover
94%
Karma Midnights
94%
22 Red
94%
…Ready For It? reputation
94%
Long Live Speak Now
94%
Our Song Taylor Swift
94%
I Can Fix Him (No Really I Can) The Tortured Poets Department
94%
no body, no crime (feat. HAIM) evermore
83%
Don’t You Fearless
83%
invisible string folklore
83%
No matching quizzes found
Score Distribution
Percent of People with Each Score
Percentile by Number Answered
Your Score History
You have not taken this quiz